| 000 | 00638nam a2200181 a 4500 | ||
|---|---|---|---|
| 001 | 1644 | ||
| 003 | CDMR | ||
| 005 | 20260515062531.0 | ||
| 008 | 130130s1987||||||||||||||||||||||||||||d | ||
| 040 |
_aCDMR _bcat _cCDMR |
||
| 100 | 1 |
_aBenito, Ángel _9631 |
|
| 245 | 1 | 0 |
_aInformación y nuevas tecnologías _b: lección magistral de inauguración del Centro Universitario de Ciencias de la Información _cÁngel Benito |
| 260 |
_aValencia _c1987 _bFundación Universitaria San Pablo CEU |
||
| 300 |
_a34 p ; _c21 cm |
||
| 650 | 0 | 4 |
_91243 _aComunicació _xInnovacions tecnològiques |
| 650 | 0 | 4 |
_93364 _aTecnologia de la informació |
| 942 |
_cMON _2udc |
||
| 999 |
_c1644 _d1644 |
||